01291nab a22001937a 4500999001500000003000400015005001700019008004100036040000700077100002900084245011000113260007200223300001300295505053600308505008900844650002300933773012800956942001301084 c6094d6094OSt20260122065708.0190502c xxu||||| |||| 00| 0 spa d cPJ aSandhagen, Alberto9483113aEl delito de negociaciones incompatibles con el ejercicio de la función pública /cAlberto Sandhagen. aCiudad Autónoma de Buenos Aires :bThomson Reuters La Ley,c2024. ap. 17-40 aSumario: I. Introducción del presente trabajo.— II. Bien jurídico tutelado.— III. Sujetos activos del delito de negociación incompatible.— IV. La conducta sancionada por el delito del art. 265 del Cód. Penal.— V. La naturaleza del beneficio perseguido por la conducta típica.— VI. La consumación de la conducta típica.— VII. El tipo subjetivo del art. 265.— VIII. Responsabilidad de las personas jurídicas.— IX. Cuestiones relativas a las sanciones de la figura penal.— X. Consideraciones finales  t¿Te interesa el texto completo? Solicitalo al correo: koha@justierradelfuego.gov.ar 09343aDERECHO PENAL0 0272993180dBuenos Aires : LexisNexis, 2006-tRevista de derecho penal y procesal penal. Nº 10 - Octubre 2024z9875920622 2udccANA